Arithmetic Challenge Chain #2 - Statistics

General Stats
  • This quiz has been taken 743 times
  • The average score is 9 of 10
Answer Stats
Operation Number % Correct
Add 13 21
100%
Multiply by 4 84
98%
Divide by 12 7
94%
Add 10 17
93%
Divide by itself 1
91%
Subtract 1 0
88%
Add 4 4
87%
Multiply by 6 24
84%
Multiply by ⅛ 3
69%
Cube it 27
56%
No matching quizzes found
Score Distribution
Percent of People with Each Score
Percentile by Number Answered
Your Score History
You have not taken this quiz